Essential Physics for Manual Medicine (Record no. 5256)

MARC details
000 -LEADER
fixed length control field 00532nam a22002057a 4500
003 - CONTROL NUMBER IDENTIFIER
control field OSt
005 - DATE AND TIME OF LATEST TRANSACTION
control field 20160919192414.0
008 - FIXED-LENGTH DATA ELEMENTS--GENERAL INFORMATION
fixed length control field 160919b xxu||||| |||| 00| 0 eng d
020 ## - INTERNATIONAL STANDARD BOOK NUMBER
International Standard Book Number 9780443103421
040 ## - CATALOGING SOURCE
Transcribing agency DDC
082 ## - DEWEY DECIMAL CLASSIFICATION NUMBER
Classification number 530 YOU 2010
100 ## - MAIN ENTRY--PERSONAL NAME
Personal name Young, Martin
9 (RLIN) 11076
245 ## - TITLE STATEMENT
Title Essential Physics for Manual Medicine
260 ## - PUBLICATION, DISTRIBUTION, ETC. (IMPRINT)
Place of publication, distribution, etc. Edinburgh; Churchill, 2010
300 ## - PHYSICAL DESCRIPTION
Extent xii,257p; ill: 24cm
504 ## - BIBLIOGRAPHY, ETC. NOTE
Bibliography, etc Bibliography, & index included
650 ## - SUBJECT ADDED ENTRY--TOPICAL TERM
Topical term or geographic name as entry element Physics
9 (RLIN) 809
650 ## - SUBJECT ADDED ENTRY--TOPICAL TERM
Topical term or geographic name as entry element Medicine
9 (RLIN) 324
942 ## - ADDED ENTRY ELEMENTS (KOHA)
Source of classification or shelving scheme Other/Generic Classification Scheme
Koha item type Book Bank
Holdings
Withdrawn status Lost status Source of classification or shelving scheme Damaged status Not for loan Home library Current library Date acquired Source of acquisition Inventory number Total Checkouts Full call number Barcode Date last seen Koha item type
    Dewey Decimal Classification     MUST Main Library MUST Main Library 19/09/2016 Purchase 16/40086   530 YOU 2010 2016-4389 19/09/2016 Open Shelf
    Dewey Decimal Classification     MUST Main Library MUST Main Library 19/09/2016 Purchase 16/40087   530 YOU 2010 2016-4390 19/09/2016 Open Shelf
    Dewey Decimal Classification     MUST Main Library MUST Main Library 19/09/2016 Purchase 16/40088   530 YOU 2010 2016-4391 19/09/2016 Open Shelf
    Dewey Decimal Classification     MUST Main Library MUST Main Library 19/09/2016 Purchase 16/40089   530 YOU 2010 2016-4392 19/09/2016 Open Shelf
    Dewey Decimal Classification     MUST Main Library MUST Main Library 19/09/2016 Purchase 16/40090   530 YOU 2010 2016-4393 12/09/2025 Open Shelf
    Dewey Decimal Classification     MUST Main Library MUST Main Library 29/03/2017   12/36005   530 YOU 2010 2017-0698 29/03/2017 Open Shelf
    Dewey Decimal Classification     MUST Main Library MUST Main Library 14/12/2017   17/40265   530 YOU 2010 2017-0991 14/12/2017 Open Shelf
    Dewey Decimal Classification     MUST Main Library MUST Main Library 14/12/2017   17/40266   530 YOU 2010 2017-0992 14/12/2017 Open Shelf